| 000 | 00749 a2200217 4500 | ||
|---|---|---|---|
| 010 | _aENG-89441 | ||
| 020 |
_a8120334564 _c325.00 |
||
| 035 | _aEN-72974 | ||
| 037 | _bDBAD / PUB | ||
| 082 | 1 | 4 | _a006.78 |
| 090 |
_c10932 _d10932 |
||
| 100 | 1 | _aFroehlich, Sara | |
| 245 | 1 |
_aMicrosoft expression design step by step/ _cby Sara Froehlich and Marc Campbell |
|
| 260 |
_aNew Delhi _bPrentice-Hall of India _c2008 |
||
| 270 |
_aM-97, Connaught Circus _bNew Delhi _cDelhi _e110001 |
||
| 300 |
_axx, 278p.: _c23 cm (pbk) _bill. _eCD-ROM |
||
| 500 | _aIncludes glossary & index. | ||
| 700 | _aCampbell, Marc | ||
| 942 |
_adpl _cEN _k006.78/ FRO |
||
| 999 |
_c10630 _d10630 |
||